00625nam a2200145 i 4500001000700000003000900007005001700016008004100033080002200074245016700096260005700263300003500320650004100355852008300396185253ES-MaACL20230906222400.0160426s1880 sp |||| | spa d a338.47(460):656.200aExamen de los beneficios que reportará a España la construcción de un ferro-carril directo de Madrid a la frontera francesa por Baides, Castejón y Roncal. aMadrid : b[s.n.], c1880 (fImp. de Gregorio Juste) a70 p., [1] h. pleg. ; c22 cm. 4aTransportes ferroviarios-zEspaña.4 aES-MaACLjT-433-F-11 z- Enc. en un vol. facticio, falto de cub. original